000 01065cam a22003614a 4500
001 4174
003 FISKH
005 20240625135100.0
008 041018s2005 caua j 000 0 eng
010 _a 2004024579
015 _aGBA555127
_2bnb
016 7 _a013240699
_2Uk
020 _a158717264X
020 _a9781587172649
020 _a1587172631 (hbk.)
035 _a(OCoLC)ocm56825426
040 _aDLC
_cDLC
_dIG#
_dBAKER
_dUKM
_dDLC
_beng
042 _apcc
_alcac
_alcac
050 _aTG148.S48
082 _a624.2
100 1 _aSimon, Seymour.
245 1 0 _aBridges /
_cSeymour Simon.
260 _aSan Francisco :
_bSeaStar Books,
_c2005.
300 _a36 unnumbered pages :
_bcolor illustrations ;
_c23 cm
490 1 _aSeemore readers
520 _aSee famous bridges and learn how they are built.
650 0 _aBridges
_vJuvenile literature.
650 0 _aBridges
_xDesign and construction
_vJuvenile literature.
650 1 _aBridges.
906 _a7
_bcbc
_corignew
_d1
_eecip
_f20
_gy-gencatlg
942 _2ddc
_cBK
_n0
999 _c4174
_d4174